Comentarios al Cd̤igo Civil y compilaciones forales

Detalles Bibliográficos
Otros Autores: Albaladejo Garca̕, Manuel (Conductor), O'Callaghan Muǫz, Xavier
Formato: Desconocido
Lenguaje:español
Publicado: Madrid : Revista de Derecho Privado : Editoriales de Derecho Reunidas, D.L. 1982
Materias:
Acceso en línea:Acceso restringido

MARC

LEADER 00000ny a22000003n 4500
005 20110607115827.0
008 970410s1982 sp s 000 0 spa c
017 |a D.L. M15349-1982 
020 |a 8471302160 
035 0 4 |a 494 
040 |a UMA.CEE  |d vLex 
040 |a UMA.RE  |d vLex 
080 |a 347(460) 
090 |c 524  |d 524 
245 0 0 |a Comentarios al Cd̤igo Civil y compilaciones forales  |h [Recurso electrn̤ico]  |c Dirigidos por Manuel Albaladejo 
256 |a Servicio en ln̕ea. 
260 |a Madrid :  |b Revista de Derecho Privado :  |b Editoriales de Derecho Reunidas,  |c D.L. 1982 
300 |a XIII, 293 p. ;  |c 21 cm 
505 0 |t Tomo XX, Vol.3, Artc̕ulos 1.604 a 1.664 del Cd̤igo civil /  |r comentados por Xavier O'Callaghan Muǫz 
506 1 |a Contenido solo disponible en los productos indicados  |d vLex Global  |d vLex Global (Academic Edition, excluding Law Schools)  |d vLex Global (U.S. Academic Edition, Law Schools)  |d vLex Global (U.S. Academic Edition, excluding Law Schools)  |d vLex Global (Academic Edition, Law Schools) 
650 0 7 |2 Tesauro vLex  |a Civil 
650 0 7 |2 Tesauro vLex  |a Cd̤igo civil 
650 0 7 |2 Tesauro vLex  |a Inmobiliario y registral 
650 0 7 |2 Tesauro vLex  |a Censo 
650 0 7 |2 Tesauro vLex  |a Derecho de censo 
700 1 |a Albaladejo Garca̕, Manuel,  |e dir 
700 1 |a O'Callaghan Muǫz, Xavier 
740 0 |a vLex Libros (Servicios en ln̕ea) 
856 4 0 |z Acceso restringido  |u http://vlex.com/source/494 
942 |c BOOK